00467nam a2200157 a 450000100100000000500170001000800410002702000180006804000250008608200150011110000210012624500580014726000390020530000350024450400300027900004453720201002045438.0140711s2009 dr ac 000 0 spa d a9789945001631 aDO-SdBNPbspacBNPHU axxxxbxxxx1 aÁlvarez, Ariel10aGuía del edecán diplomático /cAriel Álvarez. aSanto Domingo :bMediabyte,c2009. a50 P. :bil., retrs. ;c21 cm. aBibliografía : p. 47-48